| 000 | 00846nam a2200229Ia 4500 | ||
|---|---|---|---|
| 003 | GCL | ||
| 008 | 140319s9999 xx 000 0 ara d | ||
| 040 |
_aGCL / _cGCL |
||
| 082 | 0 | 4 |
_a412 _bم ا |
| 100 | 1 | _aناصر حسين على (تحقيق) | |
| 245 | 1 | 0 |
_aالاعتماد فى نظائر الظاء والضاد / _cناصر حسين على (تحقيق) |
| 700 | 1 | _aابن مالك : جمال الدين ابو عبدالله محمد بن عبدالله بن مالك الطائى الجيانى الشافعى | |
| 260 |
_a[S.N] : _bالمطبعة التعاونية ، _c1989 |
||
| 300 | _a105 ص | ||
| 490 | _a | ||
| 650 | 0 | 4 | _aالاشتقاق |
| 650 | 0 | 4 | _aاللغة العربية |
| 650 | 0 | 4 | _aالفاظ |
| 650 | 0 | 4 | _aالحروف الابجدية |
| 650 | 0 | 4 | _aالمترادفات والاضداد |
| 942 |
_2ddc _cBK |
||
| 999 |
_c32010 _d32010 |
||